| 000 | 00566nam a2200157 i 4500 | ||
|---|---|---|---|
| 001 | 141092 | ||
| 003 | ES-MaACL | ||
| 007 | t| | ||
| 008 | 070919s1975 sp ||||1| spa d | ||
| 100 | 1 |
_aVital, David. _9115499 |
|
| 245 | 1 | 3 |
_aLa supervivencia de los pequeños estados _b: estudios de conflicto entre la pequeña y la gran potencia / _cDavid Vital ; traducción de Juan Valeri Busto. |
| 260 |
_aMadrid : _bInstituto de Estudios Políticos, _c1975. |
||
| 300 |
_a283 p. ; _c22 cm. |
||
| 700 | 1 |
_aValeri Busto, Juan. _9112649 |
|
| 852 |
_aES-MaACL _jE-8581 _bR.92987 |
||
| 999 |
_c141092 _d141092 |
||